Tunnista ulkonäöltä kreikkalaiset pienaakkoset - Äkkikuolema - Statistics

Yleistilastot
  • Tätä visaa on pelattu 44 kertaa
  • Keskiarvotulos 7 / 25
Answers on the Grid
Answers color-coded by a green-red scale on the quiz's grid according to % correct below.
χ
λ
и
θ
д
κ
ε
ג
φ
ն
ρ
і
ζ
μ
ϯ
υ
ъ
ο
խ
δ
ϸ
h
α
ν
ω
я
γ
τ
z
ϩ
η
ξ
ц
ι
π
з
ψ
ς
β
σ
 
Vastaustilastot
Vastaus % Oikein
λ
74%
θ
52%
ε
48%
α
43%
ρ
39%
φ
35%
β
35%
μ
30%
ω
30%
η
30%
ξ
30%
χ
26%
κ
26%
δ
26%
ψ
26%
σ
26%
π
22%
ο
17%
τ
13%
ζ
9%
ν
9%
ι
9%
ς
9%
υ
4%
γ
4%
Ehtoja vastaavia visoja ei löytynyt
Tulosjakauma
Jokaisen tuloksen saaneiden osuus
Persentiili vastausten määrän mukaan
Tuloshistoriasi
Et ole pelannut tätä visaa